Biggest airlines by fleet size - Statistics

General Stats
  • This quiz has been taken 47 times
    29 since last reset
  • The average score is 8 of 12
Answer Stats
fleet size Answer % Correct
881 American Airlines
96%
781 Delta Air Lines
96%
834 United Airlines
96%
514 Ryanair
81%
735 Southwest Airlines
77%
444 Air China
69%
330 Alaska Airlines
58%
323 easyJet
54%
626 China Southern
50%
581 China Eastern
46%
312 Turkish Airlines
23%
800 FedEx Express
19%
No matching quizzes found
Score Distribution
Percent of People with Each Score
Percentile by Number Answered
Your Score History
You have not taken this quiz since the last reset